Music Quiz

Random Music or Clip Quiz

Multiple Renditions of the Same Song Quiz Stats

Quiz Updated Mar 30, 2017

Challenge
Share
Tweet
Score 0/72 Timer 18:00
201 Plays Today
% Correct
Elvis Presley
88.8%
Elvis Presley
88.8%
THE LOCO-MOTION
78.2%
DANCING IN THE STREET
77.5%
CAN'T HELP FALLING IN LOVE
77%
The Beatles
68.5%
EVERLASTING LOVE
65.7%
Michael Bublé
62.9%
Green Day
62%
David Bowie and Mick Jagger
60.6%
UB40
58.2%
ALWAYS ON MY MIND
57.4%
Aretha Franklin
57%
Cher
56.4%
Willie Nelson
55.3%
LOVE HURTS
54.6%
(THERE'S) ALWAYS SOMETHING THERE TO REMIND ME
51.5%
The Clash
51%
Bruce Springsteen
50.6%
Céline Dion
50.4%
Patti Smith Group
49.7%
FEELING GOOD
49.5%
Roy Orbison
49.3%
Roy Orbison
49.3%
I FOUGHT THE LAW
48.5%
Kylie Minogue
45.7%
U2
45.1%
BECAUSE THE NIGHT
44.8%
The Rolling Stones
44.6%
Martha and the Vandellas
43.4%
Pet Shop Boys
40.5%
The Beach Boys
40.4%
I SAY A LITTLE PRAYER
40.1%
ROCK AND ROLL MUSIC
39.7%
Van Halen
39.6%
Chuck Berry
36%
% Correct
The Smiths
35.9%
Nina Simone
35.1%
Muse
34.5%
Dionne Warwick
30.4%
Little Eva
29.6%
Nazareth
27.7%
I DROVE ALL NIGHT
27.1%
Cyndi Lauper
27%
The Everly Brothers
25.4%
Marvin Gaye
21.1%
10,000 Maniacs
20.9%
Gloria Estefan
20.6%
Grand Funk Railroad
19.2%
PLEASE PLEASE PLEASE LET ME GET WHAT I WANT
18.9%
The Mamas and the Papas
16.5%
Naked Eyes
16.2%
The Bobby Fuller Four
14.6%
Diana King
11.5%
Cascada
11.2%
Sam Brown
9.5%
Carl Carlton
7.8%
CAN I GET A WITNESS
7.7%
Robert Knight
7.6%
The Crickets
7.2%
Sandie Shaw
7%
Corey Hart
6.9%
The Grateful Dead
6.2%
Lou Johnson
5.5%
Brenda Lee
5.4%
The Love Affair
5.2%
The Dream Academy
2.5%
Slow Moving Millie
2.2%
Jim Capaldi
2.2%
Manic Street Preachers
2%
Mental As Anything
1.4%
John Wesley Ryles
1.4%

You're not logged in!

Compare scores with friends on all Sporcle quizzes.
Sign Up with Email
OR
Log In

You Might Also Like...

Show Comments

Extras

Top Quizzes Today


Score Distribution

Your Account Isn't Verified!

In order to create a playlist on Sporcle, you need to verify the email address you used during registration. Go to your Sporcle Settings to finish the process.